000 01258nam a2200289Ia 4500
999 _c5732
_d5732
003 OSt
005 20200609185226.0
008 191128s1978 mx a gr 000 0dspa d
020 _a968230308
040 _aCO-JMCR
_cCO-JMCR
041 1 _aspa
_hfr
082 0 4 _a330.122 /
_bE551g
_223
100 1 _aEmmanuel, Arghiri,
_eautor
_95309
245 1 3 _aLa ganancia y las crisis :
_bun nuevo enfoque de las contradicciones del capitalismo /
_cArghiri Emmanuel ; traducción de Oscar Terán
250 _aPrimera edición
260 _aMéxico :
_bSiglo veintiuno,
_c1978.
300 _a435 páginas :
_btablas ;
_c20 cm.
490 0 _aEconomía y demografía
504 _aBibliografía: páginas 429-435.
505 _aLa ley de las salidas y el fenómeno de la sobreproducción general – La desigualdad entre el valor de oferta de la producción y el poder de compra – Los efectos específicos del desequilibrio general, sus variaciones y sus formas
534 _pLe profit et les crises, une approche nouvelle des contradictions du capitalisme
546 _aTraducido del francés
650 1 4 _aCapitalismo Oferta
_95310
650 2 4 _aCompra
_xDesigualdad Producción
_95311
700 1 _aTerán, Oscar,
_etraducción
_95312
942 _2ddc
_cBK